000 00621nam a2200205 a 4500
008
049 _aMAIN
090 _aHD30.35 PRO
245 1 0 _aProceedings of the second conference on information systems. /
_cCatherine A, Rose.
260 _aCambridge :
_bMassachusetts,
_c1981.
300 _aix, 418 p. :
_c 28 cm.
500 _aIncludes bibliographic references.
650 1 _aInformation technology.
700 _aRoss Catherine,A.
907 _a.b10249242
_b20-09-07
_c17-08-07
003
005 20230123134502.0
040 _cNUST
942 _cBOOKS
_kHD30.35 PRO
999 _c166752
_d166752